000 00423nab a2200145Ia 4500
003 ES-SlBCS
005 20210601134622.0
008 140529s1985 xxu||||| |||| 00| 0 spa d
041 _aspa
100 1 _aPastore, Corrado
_945962
245 0 0 _aHacia un perfil del joven venezolano
_c Corrado Pastore
650 0 4 _aJoven Venezolano
_9220500
773 0 _tAnthropos
_gvol. 6, nº. 10, 1985, págs. 141-154
_wRev38
942 _cAR
999 _c615379
_d615379